Kto wykonał tę piosenkę z lat 2010? #1 - Statystyki

Ogólne statystyki
  • Ten quiz został rozwiązany 1 529 razy
  • Średni wynik to 11 z 20
Statystyki odpowiedzi
Rok Piosenka Wykonawca % Poprawnych
2018 Małomiasteczkowy Dawid Podsiadło
93%
2017 Shape of You Ed Sheeran
92%
2019 Bad Guy Billie Eilish
77%
2010 Firework Katy Perry
75%
2012 Skrzydlate ręce Enej
73%
2014 Chandelier Sia
70%
2011 Someone Like You Adele
67%
2013 Wrecking Ball Miley Cyrus
66%
2010 Love the Way You Lie Eminem / Rihanna
63%
2019 Old Town Road Lil Nas X
60%
2016 Can't Stop the Feeling Justin Timberlake
49%
2015 Hotline Bling Drake
46%
2017 HUMBLE. Kendrick Lamar
45%
2018 God is a Woman Ariana Grande
44%
2013 Get Lucky Daft Punk
44%
2011 Party Rock Anthem LMFAO
44%
2015 Can't Feel My Face The Weeknd
31%
2016 Formation Beyoncé
24%
2018 I Like It Cardi B
22%
2012 Ho Hey The Lumineers
13%
Nie znaleziono quizów pasujących do podanych kryteriów
Rozkład punktacji
Procent ludzi z każdym wynikiem
Percentyl według liczby udzielonych odpowiedzi
Twoja historia wyników
Nie rozwiązałeś tego quizu